Movies Quiz

Random Movies or Actor Quiz

LOTR in other movies Quiz Stats

Quiz not verified by Sporcle

Challenge
Share
Tweet
Embed
Score 0/17 Timer 03:00
0 Plays Today
Movie Character % Correct
Pirates of the Caribbean: Curse of the Black PearlLegolas
77.8%
The GooniesSam
71.8%
National TreasureBoromir
62.3%
V for VendettaElrond
49.6%
The RoadAragorn
46.8%
Indiana Jones and the Last CrusadeGimli
42.9%
ArmageddonArwen
42.8%
The Da Vinci CodeGandalf
38.7%
TitanicTheoden
36.3%
Movie Character % Correct
X-Men Origins: WolverineMerry
33.7%
Master and Commander: The Far Side of the WorldPippin
33.2%
The AviatorGaladriel
32.6%
NorthFrodo
28.4%
Charlie and the Chocolate FactorySaruman
27%
RatatouilleBilbo
16.6%
The PrestigeGollum
14.1%
Child's PlayGrima
10.4%

You're not logged in!

Compare scores with friends on all Sporcle quizzes.
Sign Up with Email
OR
Log In

You Might Also Like...

Show Comments

Extras

Top Quizzes Today


Score Distribution

Your Account Isn't Verified!

In order to create a playlist on Sporcle, you need to verify the email address you used during registration. Go to your Sporcle Settings to finish the process.